000 00420nam a2200181Ia 4500
005 20250425161506.0
008 250425s9999 xx 000 0 und d
041 _aeng
082 _a621.8
100 _aPARR, ROBERT E.
245 0 _aPRINCIPLES OF MECHANICAL DESIGN
250 _aS.E.
260 _aEstados Unidos
_bMCGRAW - HILL
_c1970
260 _aNEW YORK
300 _a383
942 _c01
010 _a21509
999 _c210334
_d210334